| 000 | 00698nam a2200157Ia 4500 | ||
|---|---|---|---|
| 005 | 20250424120241.0 | ||
| 008 | 250424s9999 xx 000 0 und d | ||
| 022 | _aTK 1 .I34/ | ||
| 050 | _aIEEE Spectrum | ||
| 245 | 0 | _aNew york | |
| 260 | _aMathworks | ||
| 260 | _b2016 | ||
| 260 | _c56 p. :ill. ; 27 cm. | ||
| 300 | _aElectrical engineering--Periodicals. Electronics--Periodicals. Électrotechnique--Périodiques. Électronique--Périodiques. Commande automatique--Périodiques. Elektronica. Computers. Medische techniek. Electrical engineering. Electronics. Ingeniería eléctrica--Publicaciones periódicas. Electrónica--Publicaciones periódicas. Electronics--Periodicals. | ||
| 650 | _aSR | ||
| 999 |
_c38246 _d38246 |
||